La Participación ciudadana

محفوظ في:
التفاصيل البيبلوغرافية
التنسيق: نص
الموضوعات:
الوسوم: إضافة وسم
لا توجد وسوم, كن أول من يضع وسما على هذه التسجيلة!

MARC

LEADER 00000 a a2200000 04500
001 6385
003
040
245 |a La Participación ciudadana  
650 |a PARTICIPACION SOCIAL  
650 |a SOCIEDAD CIVIL  
773 |g volumen 21, número 911; páginas 4-5  
999 |c 26680  |d 26680